00349nam a2200145Ia 45000010005000000080041000050200018000460400013000640820019000771000019000962450060001152600010001753000011001855460007001966914140320s9999 xx 000 0 und d a0-7645-3018-6 cPK-LaUMT a 004.67bMUE-C aMuelver, Jerry aCreating cool web pages with perl [+CD]cMuelver, Jerry c1996. a397 p. aEN